000 00835nam a2200205 a 4500
005 20210219160150.0
008 080922s1980 mx r 000 0 spa d
035 _aUPN01000159912
049 _aUNE
080 _a377.001. 6 (87) EST
110 2 _aCentro de reflexión y Planificación Educativa (Venezuela
245 1 0 _aEstudio de cambios e innovaciones en la educación técnica y la formación profesional en América Latina y el Caribe :
_bVenezuela.
260 _aSantiago de Chile :
_bOREALC,
_c1980.
300 _a110 p. ;
_blamns.
500 _aIncluye bibliografía
690 _aEnseñanza tecnica- Metas de la educacion- Venezuela
690 _aFormacion profesional- Enseñanza tecnica- Venezuela
710 1 _aOREALC. Oficina Regional de Educación de la UNESCO para América Latina y el Caribe
905 _aUNESCO
999 _c132026
_d132026